[Event "I Open Distrito de Chamartin 2012"]
[Site "Madrid ESP"]
[Date "2012.09.14"]
[Round "8.27"]
[White "Camarero Izquierdo, Juan C"]
[Black "Garcia Saez, Juan Carlos"]
[Result "1-0"]
[WhiteElo "1899"]
[BlackElo "2004"]
[PlyCount "153"]
[EventDate "2012.09.09"]
[EventType "swiss"]
[EventRounds "9"]
[EventCountry "ESP"]
[Source "lmi"]
[SourceDate "2012.09.09"]

1. d4 Nf6 2. Nc3 g6 3. e4 d6 4. Be3 Bg7 5. f3 Nbd7 6. Qd2 h5 7. O-O-O c6 8. Nh3
Qa5 9. Kb1 Nb6 10. Ng5 Nh7 11. h4 Nxg5 12. hxg5 Be6 13. f4 O-O-O 14. Qf2 Bg4
15. Rd2 e6 16. Bd3 Rhe8 17. Rf1 Na4 18. Nxa4 Qxa4 19. c4 Kb8 20. Rc2 d5 21. e5
dxc4 22. Rxc4 Qb5 23. Qc2 Bf5 24. Bxf5 exf5 25. Rc1 Rd5 26. Bd2 Bf8 27. a4 Qb6
28. Be3 Bb4 29. Bd2 Bxd2 30. Qxd2 Red8 31. Qc3 Rxd4 32. a5 Rxc4 33. Qxc4 Qxa5
34. Qxf7 Qa4 35. e6 Qe4+ 36. Ka1 Rd5 37. Rc3 Qa4+ 38. Ra3 Rd1+ 39. Ka2 Qc4+ 40.
Rb3 b5 41. Qf8+ Kb7 42. e7 Qf1 43. Qb8+ Kxb8 44. e8=Q+ Kc7 45. Qe7+ Rd7 46.
Qe5+ Kb7 47. Qe6 Qd1 48. Qxg6 Qd5 49. Qe8 a5 50. Kb1 Qd1+ 51. Ka2 a4 52. Re3 b4
53. Qe5 Rd5 54. Qe7+ Kb6 55. Qxb4+ Rb5 56. Qc4 Qd2 57. Qc3 Qd5+ 58. Kb1 Rb3 59.
Qe1 Qd4 60. Rxb3+ axb3 61. g6 Qd3+ 62. Ka1 Qa6+ 63. Kb1 Qa2+ 64. Kc1 Qa1+ 65.
Kd2 Qxb2+ 66. Ke3 c5 67. Kf3 Qd4 68. Qe6+ Ka5 69. Qxb3 Qe4+ 70. Kg3 h4+ 71. Kh3
Qxf4 72. Qc3+ Kb5 73. g7 Qg4+ 74. Kh2 c4 75. Qe5+ Ka6 76. Qe6+ Ka5 77. g8=Q 1-0

[Event "I Open Distrito de Chamartin 2012"]
[Site "Madrid ESP"]
[Date "2012.09.14"]
[Round "8.28"]
[White "Lopez Moll, Jose Manuel"]
[Black "Cerrato Torrijos, Javier"]
[Result "1-0"]
[WhiteElo "1991"]
[BlackElo "1718"]
[PlyCount "151"]
[EventDate "2012.09.09"]
[EventType "swiss"]
[EventRounds "9"]
[EventCountry "ESP"]
[Source "lmi"]
[SourceDate "2012.09.09"]

1. e4 c5 2. Nf3 d6 3. d4 cxd4 4. Nxd4 Nc6 5. Be3 Nf6 6. Nc3 Bd7 7. f3 g6 8. Qd2
Bg7 9. g4 a6 10. h4 Qc7 11. O-O-O b5 12. Kb1 Ne5 13. g5 Nh5 14. Nd5 Qb7 15. Qa5
Rc8 16. Nb6 Rb8 17. Nxd7 Qxd7 18. Qxa6 O-O 19. f4 Ng4 20. Bh3 Ra8 21. Bxg4 Qxg4
22. Qb7 e5 23. Rdg1 Ng3 24. fxe5 dxe5 25. Nc6 Qe6 26. b3 Nxh1 27. Rxh1 Qd6 28.
b4 Qe6 29. Ne7+ Kh8 30. Nd5 Qa6 31. Qxa6 Rxa6 32. Bc5 Rd8 33. Rf1 Rd7 34. Nb6
Rb7 35. Rd1 Rb8 36. Rd7 Kg8 37. Nd5 Bf8 38. Bxf8 Kxf8 39. Nf6 Kg7 40. Ng4 Ra4
41. c3 Rba8 42. Nxe5 R4a7 43. Rxa7 Rxa7 44. Ng4 Rc7 45. Kc2 Rc4 46. Kd3 Rc6 47.
Nf6 h5 48. Nd5 Kf8 49. Kd4 Ke8 50. Kd3 Kd7 51. e5 Ke6 52. Ne3 Kxe5 53. c4 bxc4+
54. Nxc4+ Kf4 55. b5 Rc8 56. a4 Rd8+ 57. Kc3 Ke4 58. a5 Kd5 59. Kb4 Re8 60.
Nb6+ Kd6 61. Nc4+ Kd5 62. a6 Re4 63. a7 Rxc4+ 64. Ka5 Rc8 65. b6 Kc5 66. Ka6
Rc6 67. a8=Q Rxb6+ 68. Ka5 Rb5+ 69. Ka4 Rb4+ 70. Ka3 Rxh4 71. Qa7+ Kb5 72. Qb7+
Kc5 73. Qxf7 Rh3+ 74. Ka4 Rh4+ 75. Ka5 Rh3 76. Qc7+ 1-0

[Event "I Open Distrito de Chamartin 2012"]
[Site "Madrid ESP"]
[Date "2012.09.14"]
[Round "8.29"]
[White "Contreras Donoso, Juan Francisco"]
[Black "Lopez Ziegler, Carlos"]
[Result "1/2-1/2"]
[WhiteElo "1766"]
[BlackElo "1918"]
[PlyCount "60"]
[EventDate "2012.09.09"]
[EventType "swiss"]
[EventRounds "9"]
[EventCountry "ESP"]
[Source "lmi"]
[SourceDate "2012.09.09"]

1. d4 d5 2. c4 e6 3. Nf3 Nf6 4. Nbd2 Nbd7 5. e3 a6 6. Qc2 Be7 7. b3 O-O 8. Bd3
h6 9. O-O c5 10. Bb2 cxd4 11. Bxd4 dxc4 12. Nxc4 b5 13. Nce5 Nxe5 14. Bxe5 Bb7
15. Rfd1 Rc8 16. Qb2 Qa5 17. a4 b4 18. Nd2 Qd5 19. Nf3 Qa5 20. Nd2 Ng4 21. Nc4
Rxc4 22. Bxg7 Rcc8 23. h3 Qg5 24. Bxf8 Rxf8 25. hxg4 Bf6 26. Qe2 Bxa1 27. Rxa1
a5 28. Bc4 h5 29. f4 Qxg4 30. Qxg4+ hxg4 1/2-1/2

[Event "I Open Distrito de Chamartin 2012"]
[Site "Madrid ESP"]
[Date "2012.09.14"]
[Round "8.30"]
[White "Maseda Iglesias, Luis"]
[Black "Hall, Rachid"]
[Result "1/2-1/2"]
[WhiteElo "1734"]
[BlackElo "2013"]
[PlyCount "59"]
[EventDate "2012.09.09"]
[EventType "swiss"]
[EventRounds "9"]
[EventCountry "ESP"]
[Source "lmi"]
[SourceDate "2012.09.09"]

1. d4 c5 2. e3 Nf6 3. Nf3 d5 4. Bd3 Nc6 5. b3 Bg4 6. Bb2 Rc8 7. a3 a6 8. O-O b5
9. h3 Bh5 10. Be2 c4 11. b4 Ne4 12. Nc3 f5 13. Nxe4 fxe4 14. Ng5 Bxe2 15. Qxe2
Qd7 16. Qh5+ g6 17. Qg4 Nd8 18. Qxd7+ Kxd7 19. h4 Bg7 20. Bc3 Bf6 21. g3 Bxg5
22. hxg5 Nf7 23. a4 Nxg5 24. axb5 Nf3+ 25. Kg2 axb5 26. Ra5 Rb8 27. Ra7+ Ke6
28. Rfa1 Rb6 29. Rc7 h5 30. Raa7 1/2-1/2

[Event "I Open Distrito de Chamartin 2012"]
[Site "Madrid ESP"]
[Date "2012.09.14"]
[Round "8.31"]
[White "Pardo Vaquero, Ignacio"]
[Black "De La Orden Alcocer, Alejandro"]
[Result "0-1"]
[WhiteElo "1756"]
[BlackElo "1857"]
[PlyCount "112"]
[EventDate "2012.09.09"]
[EventType "swiss"]
[EventRounds "9"]
[EventCountry "ESP"]
[Source "lmi"]
[SourceDate "2012.09.09"]

1. d4 d5 2. Bf4 Nf6 3. Nf3 e6 4. e3 Bd6 5. Ne5 Qe7 6. Nd2 Nfd7 7. Bd3 Nxe5 8.
dxe5 Bc5 9. c3 a6 10. a4 Nd7 11. b4 Ba7 12. Qg4 f5 13. Qh5+ Qf7 14. Qxf7+ Kxf7
15. Nf3 h6 16. h4 c5 17. h5 Bb8 18. Rg1 c4 19. Bc2 a5 20. g4 fxg4 21. Bg6+ Kf8
22. Rxg4 axb4 23. cxb4 b5 24. a5 Bc7 25. Kd2 Ba6 26. Kc3 Bb7 27. Kd4 Nb8 28.
Bg3 Nc6+ 29. Kc3 Ke7 30. Bh4+ Kd7 31. Bc2 g5 32. hxg6 Nxe5 33. Rf4 Nxf3 34.
Rf7+ Kc6 35. Rxf3 Be5+ 36. Kd2 Bxa1 37. Bg3 Raf8 38. Rf7 Rxf7 39. gxf7 Bf6 40.
Bg6 Be7 41. Be5 Bxb4+ 42. Kc2 Ra8 43. Bg7 Bf8 44. Bxf8 Rxf8 45. Kc3 Kc5 46. f4
b4+ 47. Kb2 Kb5 48. a6 Bxa6 49. Kc2 Kc5 50. Kb2 Rh8 51. e4 Kd6 52. e5+ Ke7 53.
Kc2 h5 54. f5 exf5 55. Bxh5 Rxh5 56. e6 Rh8 0-1

[Event "I Open Distrito de Chamartin 2012"]
[Site "Madrid ESP"]
[Date "2012.09.14"]
[Round "8.32"]
[White "Monge Gilgado, Eva Maria"]
[Black "Sorribes Calle, Pablo"]
[Result "1-0"]
[WhiteElo "1856"]
[BlackElo "1677"]
[PlyCount "65"]
[EventDate "2012.09.09"]
[EventType "swiss"]
[EventRounds "9"]
[EventCountry "ESP"]
[Source "lmi"]
[SourceDate "2012.09.09"]

1. e4 e5 2. Bc4 Nf6 3. d3 Be7 4. Nf3 d6 5. c3 h6 6. Nbd2 c6 7. Bb3 Nbd7 8. Nc4
O-O 9. O-O Qc7 10. Re1 Nc5 11. Bc2 Bg4 12. h3 Bh5 13. d4 Ncd7 14. Ne3 d5 15.
Nf5 Rfe8 16. exd5 Nxd5 17. g4 Bg6 18. dxe5 Bc5 19. e6 Bxf5 20. exf7+ Kxf7 21.
Bxf5 Qg3+ 22. Kh1 Qxh3+ 23. Kg1 Qg3+ 24. Kh1 Rxe1+ 25. Nxe1 Qxf2 26. Nd3 Qh4+
27. Kg2 N5f6 28. Bf4 Nd5 29. Qf3 Nxf4+ 30. Qxf4 Qf6 31. Qc4+ Ke7 32. Re1+ Kd8
33. Bxd7 1-0

[Event "I Open Distrito de Chamartin 2012"]
[Site "Madrid ESP"]
[Date "2012.09.14"]
[Round "8.33"]
[White "Castro Uceda, Jose Antonio"]
[Black "Corredor San Jose, Antonio"]
[Result "0-1"]
[WhiteElo "1657"]
[BlackElo "1838"]
[PlyCount "56"]
[EventDate "2012.09.09"]
[EventType "swiss"]
[EventRounds "9"]
[EventCountry "ESP"]
[Source "lmi"]
[SourceDate "2012.09.09"]

1. d4 Nf6 2. c4 e6 3. Nc3 Bb4 4. a3 Bxc3+ 5. bxc3 b6 6. Bg5 Bb7 7. d5 h6 8. Bh4
g5 9. Bg3 d6 10. dxe6 fxe6 11. Qd3 Qe7 12. h3 Nbd7 13. f3 Nc5 14. Qb1 Qg7 15.
Bf2 O-O-O 16. e4 Rhf8 17. Ne2 Nfxe4 18. Bxc5 dxc5 19. Qc1 Qf6 20. a4 a5 21. Qe3
Nd6 22. Ng3 Nf5 23. Nxf5 exf5 24. Kf2 Rfe8 25. Qc1 g4 26. Be2 g3+ 27. Kf1 Qe5
28. Qc2 Qe3 0-1

[Event "I Open Distrito de Chamartin 2012"]
[Site "Madrid ESP"]
[Date "2012.09.14"]
[Round "8.34"]
[White "Moreno Sanchez, Guillermo"]
[Black "Narro Jimenez, Jose Reyes"]
[Result "0-1"]
[WhiteElo "1635"]
[BlackElo "1835"]
[PlyCount "126"]
[EventDate "2012.09.09"]
[EventType "swiss"]
[EventRounds "9"]
[EventCountry "ESP"]
[Source "lmi"]
[SourceDate "2012.09.09"]

1. d4 Nf6 2. c4 d6 3. Nc3 g6 4. Nf3 Bg7 5. e4 O-O 6. Bd3 c5 7. d5 Bg4 8. O-O
Nbd7 9. h3 Bxf3 10. Qxf3 Ne5 11. Qe2 Nxd3 12. Qxd3 a6 13. Be3 Qc7 14. f4 Nd7
15. Rad1 Qa5 16. Bd2 Rab8 17. a3 Qc7 18. Be1 Nf6 19. e5 Nd7 20. e6 fxe6 21.
dxe6 Nf6 22. f5 g5 23. Nd5 Nxd5 24. cxd5 Bxb2 25. Bc3 Bxc3 26. Qxc3 Rf6 27. Rd3
h6 28. Rg3 Kh7 29. h4 gxh4 30. Rg6 Qd8 31. Rf4 Qf8 32. Qh3 Kh8 33. Rxh4 Rxg6
34. fxg6 Qg7 35. Rxh6+ Kg8 36. Qh5 Qa1+ 37. Kh2 Qe5+ 38. Qxe5 dxe5 39. Rh7 Re8
40. Rf7 b5 41. d6 exd6 42. e7 b4 43. axb4 cxb4 44. Kg3 b3 45. Rf3 Rxe7 46. Rxb3
e4 47. Kf4 d5 48. Ke3 Re6 49. Kd4 Rd6 50. Ke5 Rd8 51. Rb4 e3 52. Rb2 d4 53. Ke4
a5 54. Kd3 Kg7 55. Ra2 Re8 56. Ra1 Kxg6 57. Kxd4 e2 58. Re1 Kf5 59. Kd3 a4 60.
Kc3 Kf4 61. Kb4 Kg3 62. Kxa4 Kxg2 63. Kb3 Kf2 0-1

[Event "I Open Distrito de Chamartin 2012"]
[Site "Madrid ESP"]
[Date "2012.09.14"]
[Round "8.35"]
[White "Martin Garcia, Francisco Javier"]
[Black "Juberias Guillen, Paloma"]
[Result "0-1"]
[WhiteElo "1609"]
[BlackElo "1788"]
[PlyCount "66"]
[EventDate "2012.09.09"]
[EventType "swiss"]
[EventRounds "9"]
[EventCountry "ESP"]
[Source "lmi"]
[SourceDate "2012.09.09"]

1. d4 d5 2. Nf3 Nf6 3. c4 e6 4. Nc3 c6 5. cxd5 exd5 6. Bg5 Bf5 7. Qb3 Bc8 8. e3
Nbd7 9. Bd3 Bd6 10. O-O Qc7 11. Rac1 a6 12. Bf5 O-O 13. Bxd7 Qxd7 14. Na4 Qf5
15. Nb6 Rb8 16. h3 Ne4 17. Nxc8 Nxg5 18. Nxg5 Rfxc8 19. Nf3 Kh8 20. Rfd1 Re8
21. a3 Re6 22. Qc2 Qh5 23. Nh2 Rg6 24. Kh1 Re8 25. b4 f5 26. a4 Bxb4 27. Rb1 a5
28. Nf3 f4 29. Ne5 Rxe5 30. dxe5 f3 31. Rxb4 Rxg2 32. h4 axb4 33. Rd4 Qxe5 0-1

[Event "I Open Distrito de Chamartin 2012"]
[Site "Madrid ESP"]
[Date "2012.09.14"]
[Round "8.36"]
[White "Sotres Menendez, Raul"]
[Black "Martinez Rubio, Felipe"]
[Result "0-1"]
[WhiteElo "1599"]
[BlackElo "1835"]
[PlyCount "43"]
[EventDate "2012.09.09"]
[EventType "swiss"]
[EventRounds "9"]
[EventCountry "ESP"]
[Source "lmi"]
[SourceDate "2012.09.09"]

1. e4 c5 2. Nf3 e6 3. d4 cxd4 4. Nxd4 Nf6 5. f3 a6 6. Nc3 Nc6 7. Bc4 Bb4 8.
Nxc6 bxc6 9. Bd2 O-O 10. a3 Bc5 11. Qe2 d5 12. Ba2 a5 13. Na4 Ba6 14. c4 Ba7
15. Rd1 Qc7 16. Nc3 h6 17. e5 Nd7 18. f4 Nb6 19. b3 Nd7 20. g4 Rfe8 21. g5 hxg5
22. Qh5 0-1

[Event "I Open Distrito de Chamartin 2012"]
[Site "Madrid ESP"]
[Date "2012.09.14"]
[Round "8.37"]
[White "Arias De Reina Martinez, Francisco"]
[Black "Morera Rodriguez, Ignacio"]
[Result "0-1"]
[WhiteElo "1614"]
[BlackElo "1800"]
[PlyCount "58"]
[EventDate "2012.09.09"]
[EventType "swiss"]
[EventRounds "9"]
[EventCountry "ESP"]
[Source "lmi"]
[SourceDate "2012.09.09"]

1. c4 e5 2. Nc3 Bb4 3. Qc2 Nf6 4. g3 Nc6 5. Nf3 O-O 6. Bg2 Re8 7. e3 d6 8. O-O
Be6 9. b3 Ba5 10. Bb2 Nb4 11. Qb1 Qd7 12. d3 Bf5 13. e4 Bh3 14. a3 Nc6 15. Nd5
Nxd5 16. cxd5 Ne7 17. d4 Bxg2 18. Kxg2 exd4 19. Qd3 Bb6 20. Nxd4 Ng6 21. Nf3
Qg4 22. Kh1 Qxe4 23. Qxe4 Rxe4 24. Kg2 Re2 25. Bd4 Ne7 26. Bxb6 axb6 27. Nd4
Rd2 28. Nb5 Nxd5 29. Rfd1 Ne3+ 0-1

[Event "I Open Distrito de Chamartin 2012"]
[Site "Madrid ESP"]
[Date "2012.09.14"]
[Round "8.40"]
[White "Moreno Zamora, Gregorio"]
[Black "Orantes Sanz, Ricardo"]
[Result "1-0"]
[WhiteElo "1724"]
[BlackElo "1604"]
[PlyCount "53"]
[EventDate "2012.09.09"]
[EventType "swiss"]
[EventRounds "9"]
[EventCountry "ESP"]
[Source "lmi"]
[SourceDate "2012.09.09"]

1. d4 Nf6 2. c4 e6 3. Nc3 Bb4 4. f3 b6 5. e4 O-O 6. Bg5 h6 7. Bh4 g5 8. Bf2 Bb7
9. Bd3 d6 10. Nge2 c5 11. a3 cxd4 12. axb4 dxc3 13. bxc3 Nbd7 14. Qd2 Ne5 15.
h4 Nh7 16. hxg5 hxg5 17. f4 gxf4 18. Nxf4 Ng5 19. O-O-O Bxe4 20. Qe2 Nxd3+ 21.
Nxd3 Qf6 22. Kb2 Bg6 23. Bh4 Qe7 24. Nf4 Kg7 25. Qd2 Rh8 26. Bxg5 Qxg5 27.
Nxe6+ 1-0

[Event "I Open Distrito de Chamartin 2012"]
[Site "Madrid ESP"]
[Date "2012.09.14"]
[Round "8.41"]
[White "Garcia-Ruiz Fuentes, Angel M"]
[Black "Salgado Duarte, Pablo"]
[Result "1-0"]
[WhiteElo "1943"]
[BlackElo "1579"]
[PlyCount "93"]
[EventDate "2012.09.09"]
[EventType "swiss"]
[EventRounds "9"]
[EventCountry "ESP"]
[Source "lmi"]
[SourceDate "2012.09.09"]

1. e4 e5 2. Bc4 Nf6 3. d4 Nc6 4. Nf3 d6 5. Ng5 d5 6. exd5 Nxd4 7. d6 Ne6 8.
Nxe6 fxe6 9. dxc7 Qxc7 10. Bb3 Bd7 11. O-O Bd6 12. Nc3 O-O 13. Qe2 a6 14. Be3
Bb4 15. Na4 Nd5 16. Bxd5 exd5 17. Nb6 Bb5 18. Nxa8 Rxa8 19. Qf3 Bxf1 20. Qxd5+
Kh8 21. Rxf1 Rd8 22. Qb3 Bc5 23. Bxc5 Qxc5 24. c3 b5 25. Rd1 Rf8 26. Qc2 h6 27.
Qe2 Kg8 28. Kf1 e4 29. Rd4 Re8 30. Rxe4 Rd8 31. a4 Qc6 32. axb5 axb5 33. Rb4
Qa6 34. g3 Qc6 35. Qe4 Qa6 36. h4 Rd1+ 37. Kg2 Qf6 38. Rxb5 Qd6 39. Rb4 Rd2 40.
Rd4 Rxd4 41. Qxd4 Qc6+ 42. Kg1 Qb5 43. c4 Qb4 44. Qc3 Qd6 45. b4 Qd1+ 46. Kg2
Qd7 47. b5 1-0

[Event "I Open Distrito de Chamartin 2012"]
[Site "Madrid ESP"]
[Date "2012.09.14"]
[Round "8.42"]
[White "Aguado Rodriguez, Guillermo"]
[Black "Picazo Sancho, Alvaro"]
[Result "1/2-1/2"]
[WhiteElo "1881"]
[BlackElo "1481"]
[PlyCount "42"]
[EventDate "2012.09.09"]
[EventType "swiss"]
[EventRounds "9"]
[EventCountry "ESP"]
[Source "lmi"]
[SourceDate "2012.09.09"]

1. d4 Nf6 2. Nf3 g6 3. Bf4 Bg7 4. e3 d6 5. h3 O-O 6. Be2 Nbd7 7. O-O Qe8 8. c3
e5 9. dxe5 dxe5 10. Bh2 Qe7 11. Na3 Rd8 12. Qc2 a6 13. Rad1 Ne8 14. Rd2 Nd6 15.
Nc4 f6 16. Nxd6 cxd6 17. b4 Nf8 18. Rfd1 Be6 19. c4 Rac8 20. a4 Kh8 21. c5 Qf7
1/2-1/2

[Event "I Open Distrito de Chamartin 2012"]
[Site "Madrid ESP"]
[Date "2012.09.14"]
[Round "8.44"]
[White "Barria Arbunic, Manuel"]
[Black "Garceran Izquierdo, Ruben"]
[Result "1/2-1/2"]
[WhiteElo "1470"]
[BlackElo "1719"]
[PlyCount "45"]
[EventDate "2012.09.09"]
[EventType "swiss"]
[EventRounds "9"]
[EventCountry "ESP"]
[Source "lmi"]
[SourceDate "2012.09.09"]

1. d4 c5 2. d5 d6 3. c4 Nf6 4. Nc3 e6 5. e4 Be7 6. Nf3 O-O 7. Bd3 exd5 8. cxd5
Bg4 9. O-O Nbd7 10. Bf4 Nh5 11. h3 Nxf4 12. hxg4 Bf6 13. Nb5 Ne5 14. Nxe5 Bxe5
15. Rb1 Qh4 16. g3 Qh3 17. Qf3 Nxd3 18. Qxd3 Qxg4 19. f4 Bd4+ 20. Kg2 Qd7 21.
Nxd4 cxd4 22. Qxd4 f6 23. Rbc1 1/2-1/2

[Event "I Open Distrito de Chamartin 2012"]
[Site "Madrid ESP"]
[Date "2012.09.15"]
[Round "9.1"]
[White "Elissalt Cardenas, Hector"]
[Black "Hernandez Carmenate, Holden"]
[Result "1/2-1/2"]
[WhiteElo "2353"]
[BlackElo "2561"]
[PlyCount "124"]
[EventDate "2012.09.09"]
[EventType "swiss"]
[EventRounds "9"]
[EventCountry "ESP"]
[Source "lmi"]
[SourceDate "2012.09.09"]

1. d4 Nf6 2. c4 e6 3. Nc3 Bb4 4. Bg5 c5 5. d5 d6 6. e3 Bxc3+ 7. bxc3 O-O 8. Bd3
exd5 9. cxd5 Nbd7 10. Ne2 h6 11. Bh4 Qa5 12. e4 Re8 13. f3 b6 14. O-O Ba6 15.
a4 Bxd3 16. Qxd3 Ne5 17. Qc2 Nfd7 18. c4 Qa6 19. Rfc1 Qb7 20. f4 Ng6 21. Bg3
Nf6 22. Nc3 Nh5 23. Qf2 Qe7 24. Qf3 Nxg3 25. hxg3 Rad8 26. Re1 Qf6 27. Rad1 Nf8
28. Re3 Rd7 29. Kh2 a6 30. Rde1 Qd4 31. Qe2 Rde7 32. Rd1 Qf6 33. Qh5 g5 34. e5
Qg6 35. Qxg6+ Nxg6 36. Ne4 dxe5 37. Nf6+ Kg7 38. Nxe8+ Rxe8 39. Rb1 gxf4 40.
gxf4 Nxf4 41. Rxb6 e4 42. g4 Nd3 43. Kg3 h5 44. Rb3 hxg4 45. Kxg4 Kg6 46. Rb6+
f6 47. Rxa6 Re5 48. Re6 Rxe6 49. dxe6 f5+ 50. Kh4 Kf6 51. e7 Kxe7 52. a5 Nb4
53. Kg5 Ke6 54. Kf4 Nd3+ 55. Rxd3 exd3 56. Ke3 Kd6 57. Kxd3 Kc6 58. Ke3 Kb7 59.
Kf4 Ka6 60. Kxf5 Kxa5 61. Ke5 Kb6 62. Kd6 Kb7 1/2-1/2

[Event "I Open Distrito de Chamartin 2012"]
[Site "Madrid ESP"]
[Date "2012.09.15"]
[Round "9.2"]
[White "Almagro Llamas, Pablo"]
[Black "Barria Zuniga, Daniel"]
[Result "1/2-1/2"]
[WhiteElo "2455"]
[BlackElo "2432"]
[PlyCount "139"]
[EventDate "2012.09.09"]
[EventType "swiss"]
[EventRounds "9"]
[EventCountry "ESP"]
[Source "lmi"]
[SourceDate "2012.09.09"]

1. d4 Nf6 2. Nf3 e6 3. Bg5 h6 4. Bxf6 Qxf6 5. e4 Nc6 6. Bb5 a6 7. Bxc6 bxc6 8.
Nc3 Rb8 9. O-O d6 10. Qd3 Qd8 11. Nd2 Be7 12. Nb3 O-O 13. f4 c5 14. dxc5 dxc5
15. Rab1 Qd6 16. Na5 Bd7 17. Rfd1 Rfd8 18. Qf3 Qb6 19. Nc4 Qb7 20. b3 Bf6 21.
e5 Qxf3 22. gxf3 Be7 23. Kf2 Bc6 24. Ke3 f5 25. exf6 gxf6 26. Rxd8+ Rxd8 27.
Rd1 Rxd1 28. Nxd1 Kf7 29. Nf2 Kg6 30. Nd2 h5 31. c4 h4 32. Nd3 Kf5 33. Ne4 Bxe4
34. fxe4+ Kg4 35. Nf2+ Kh5 36. h3 f5 37. Nd3 Bd6 38. exf5 exf5 39. Ne5 Kh6 40.
Nd7 Kg7 41. Nb8 Kf7 42. Nxa6 c6 43. a3 Ke6 44. b4 cxb4 45. Nxb4 Bc5+ 46. Kd3
Kd6 47. Nc2 Bg1 48. Ne1 Bh2 49. Nf3 Bxf4 50. Nxh4 Bc1 51. Nxf5+ Ke5 52. Nd4
Bxa3 53. Nxc6+ Kf4 54. Kd4 Kg3 55. Kd5 Kxh3 56. Nd4 Kg4 57. Nc2 Bf8 58. Nd4 Ba3
59. Nb5 Bb4 60. Nc7 Ba3 61. Kc6 Kf5 62. Nd5 Ke5 63. Kb5 Bf8 64. Nb6 Kd4 65. Nd7
Be7 66. Nb8 Bf8 67. Nc6+ Kc3 68. Nd8 Ba3 69. c5 Bxc5 70. Kxc5 1/2-1/2

[Event "I Open Distrito de Chamartin 2012"]
[Site "Madrid ESP"]
[Date "2012.09.15"]
[Round "9.3"]
[White "Sanchez Gonzalez, Sergio"]
[Black "Vera Gonzalez-Quevedo, Reynaldo"]
[Result "1/2-1/2"]
[WhiteElo "2273"]
[BlackElo "2481"]
[PlyCount "94"]
[EventDate "2012.09.09"]
[EventType "swiss"]
[EventRounds "9"]
[EventCountry "ESP"]
[Source "lmi"]
[SourceDate "2012.09.09"]

1. c4 c6 2. e4 d5 3. exd5 Nf6 4. Nc3 cxd5 5. cxd5 Nxd5 6. Nf3 e6 7. Bc4 Be7 8.
O-O O-O 9. d4 Nc6 10. Re1 a6 11. a3 b6 12. Qd3 Na5 13. Nxd5 exd5 14. Ba2 Nc4
15. Bxc4 dxc4 16. Qxc4 Bb7 17. Bf4 Rc8 18. Qe2 Re8 19. Rad1 Qd7 20. Ne5 Qd5 21.
Qf3 Bd6 22. Qxd5 Bxd5 23. Nd3 Rxe1+ 24. Rxe1 Bf8 25. h4 f6 26. Rc1 Rxc1+ 27.
Bxc1 Kf7 28. f3 Bc4 29. Nf4 Bd6 30. Kf2 a5 31. Ne2 b5 32. Nc3 b4 33. Ne4 Bf8
34. axb4 axb4 35. Nd2 Bd5 36. Ke3 h5 37. Kd3 g5 38. hxg5 fxg5 39. Ne4 g4 40.
fxg4 hxg4 41. Nf2 Bxg2 42. Nxg4 Ke6 43. Ne3 Bf3 44. Kc4 Be2+ 45. Kb3 Bh6 46.
Kxb4 Bxe3 47. Bxe3 Kd5 1/2-1/2

[Event "I Open Distrito de Chamartin 2012"]
[Site "Madrid ESP"]
[Date "2012.09.15"]
[Round "9.4"]
[White "Serrano Salvador, Eduardo"]
[Black "Longa Yauca, Javier"]
[Result "1/2-1/2"]
[WhiteElo "2319"]
[BlackElo "2289"]
[PlyCount "80"]
[EventDate "2012.09.09"]
[EventType "swiss"]
[EventRounds "9"]
[EventCountry "ESP"]
[Source "lmi"]
[SourceDate "2012.09.09"]

1. d4 Nf6 2. Nf3 e6 3. c4 b6 4. a3 Ba6 5. Qc2 d5 6. cxd5 exd5 7. g3 Bd6 8. Bg2
O-O 9. O-O Re8 10. Nc3 Nbd7 11. Re1 c5 12. Bf4 Bxf4 13. gxf4 cxd4 14. Nxd4 Rc8
15. Qf5 Bc4 16. Ncb5 g6 17. Qg5 Bxb5 18. Nxb5 Rc2 19. Nd6 h6 20. Qxh6 Rexe2 21.
Rxe2 Rxe2 22. f5 Qe7 23. Bf3 Rxb2 24. fxg6 fxg6 25. Nc8 Qc5 26. Qxg6+ Kh8 27.
Qh6+ Nh7 28. Qe3 Ndf6 29. Ne7 Qxe3 30. fxe3 Rb3 31. Nxd5 Nxd5 32. Bxd5 Rxe3 33.
a4 Nf6 34. Bg2 Re5 35. Rc1 Re7 36. Bf3 Kg7 37. Rc4 Kf7 38. Kf2 Nd7 39. Be2 Ne5
40. Rc8 Nd7 1/2-1/2

[Event "I Open Distrito de Chamartin 2012"]
[Site "Madrid ESP"]
[Date "2012.09.15"]
[Round "9.5"]
[White "Zhynguel Ramirez De Verger, Aleksei"]
[Black "Taboas Rodriguez, Daniel"]
[Result "0-1"]
[WhiteElo "1704"]
[BlackElo "2402"]
[PlyCount "68"]
[EventDate "2012.09.09"]
[EventType "swiss"]
[EventRounds "9"]
[EventCountry "ESP"]
[Source "lmi"]
[SourceDate "2012.09.09"]

1. d4 Nf6 2. Bf4 c5 3. e3 Qb6 4. Nc3 d6 5. Rb1 g6 6. Nf3 Bg7 7. Bc4 O-O 8. O-O
Bg4 9. h3 Bxf3 10. Qxf3 cxd4 11. exd4 Qxd4 12. Bb5 Qb6 13. Rfe1 e6 14. Bg5 Nbd7
15. Bxf6 Nxf6 16. Ba4 Rac8 17. Bb3 d5 18. Rbd1 Qc5 19. Qe3 Nd7 20. Qc1 Bxc3 21.
bxc3 Qxc3 22. Qa3 Qc5 23. Qb2 b5 24. a4 bxa4 25. Bxa4 Nb6 26. Bb3 a5 27. Ra1
Ra8 28. Ba4 Rfc8 29. Rec1 Rab8 30. Qa2 Nc4 31. Rab1 Nd2 32. Rxb8 Rxb8 33. Qa1
Rb4 34. Bb3 Rf4 0-1

[Event "I Open Distrito de Chamartin 2012"]
[Site "Madrid ESP"]
[Date "2012.09.15"]
[Round "9.6"]
[White "Hernando Pertierra, Jose C"]
[Black "Gomez Feria, Jose Maria"]
[Result "1-0"]
[WhiteElo "2376"]
[BlackElo "1930"]
[PlyCount "151"]
[EventDate "2012.09.09"]
[EventType "swiss"]
[EventRounds "9"]
[EventCountry "ESP"]
[Source "lmi"]
[SourceDate "2012.09.09"]

1. Nf3 Nf6 2. c4 g6 3. b3 Bg7 4. Bb2 O-O 5. g3 c5 6. Bg2 Nc6 7. O-O d6 8. d3
Bd7 9. h3 Rb8 10. Nc3 a6 11. e4 e5 12. Qd2 b5 13. Nd5 Nxd5 14. cxd5 Ne7 15. b4
cxb4 16. Qxb4 Rb6 17. d4 f6 18. Rfc1 Rf7 19. Rc2 Bh6 20. Bc1 Bf8 21. Qa5 Qb8
22. Be3 Rb7 23. Rac1 Nc8 24. Rc7 Nb6 25. Rxb7 Qxb7 26. Nd2 Nc4 27. Nxc4 bxc4
28. Rxc4 exd4 29. Bxd4 Bb5 30. Rc3 Be7 31. Kh2 Qa8 32. Qc7 Qd8 33. Qxd8+ Bxd8
34. f4 Ba5 35. Rc8+ Kg7 36. g4 Bd2 37. Kg3 h6 38. Rc2 Be1+ 39. Bf2 Ba5 40. h4
Rc7 41. Rxc7+ Bxc7 42. Bd4 Kf7 43. g5 hxg5 44. hxg5 fxg5 45. fxg5 Ba5 46. Bh3
Be1+ 47. Kf3 Bb4 48. Bf6 Bc4 49. a4 Bb3 50. Bd7 Bd1+ 51. Ke3 Bc5+ 52. Kd3 a5
53. Bd4 Bc2+ 54. Ke3 Bb4 55. Bc6 Ke7 56. Bf6+ Kf7 57. Bb2 Ke7 58. Bd4 Kf7 59.
e5 dxe5 60. Bxe5 Ke7 61. Kd4 Bd2 62. d6+ Ke6 63. d7 Bxg5 64. Bc7 Bf6+ 65. Kc5
Be7+ 66. Kc4 Bf5 67. d8=Q Bxd8 68. Bxd8 Kd6 69. Bb5 Be4 70. Kd4 Bc6 71. Bxa5 g5
72. Bd2 Kc7 73. Kc5 Bf3 74. Bxg5 Bb7 75. Bf4+ Kc8 76. Kb6 1-0